Plant Physiology

Bibliographic Details
Main Author: Taiz, Lincoln (Author)
Other Authors: Zeiger, Eduardo (Editor)
Format: Book
Language:English
Published: Sunderland, Mass : Sinauer Associates , c2006
Edition:4th ed
Subjects:

MARC

LEADER 00000cam a2200000 7i4500
001 0000052221
005 20211229093000.0
008 080512s2006 mau eng
020 |a 0878928567 
020 |a 9780878928568 
090 0 0 |a QK711.2   |b .T35 2006 
100 1 |a Taiz, Lincoln ,   |e author 
245 1 0 |a Plant Physiology   |c Lincoln Taiz, Eduardo Zeiger 
250 |a 4th ed 
260 |a Sunderland, Mass :   |b Sinauer Associates ,   |c c2006 
300 |a xxvi, 764 p. :   |b ill.(chiefly col) ;   |c 29 cm. 
504 |a Includes bibliographical references and indexes 
505 0 |a 1. Plant Cells -- 2. Energy and Enzymes -- 3. Water and Plant Cells -- 4. Water Balance of Plants -- 5. Mineral Nutrition -- 6. Solute Transport -- 7. Photosynthesis: The Light Reactions -- 8. Photosynthesis: Carbon Reactions -- 9. Photosynthesis: Physiological and Ecological Considerations -- 10. Translocation in the Phloem -- 11. Respiration and Lipid Metabolism -- 12. Assimilation of Mineral Nutrients -- 13. Secondary Metabolites and Plant Defense -- 14. Gene Expression and Signal Transduction -- 15. Cell Walls: Structure, Biogenesis, and Expansion -- 16. Growth and Development -- 17. Phytochrome and Light Control of Plant Development -- 18. Blue-Light Responses: Stomatal Movements and Morphogenesis -- 19. Auxin: The Growth Hormone -- 20. Gibberellins: Regulators of Plant Height and Seed Germination -- 21. Cytokinins: Regulators of Cell Division -- 22. Ethylene: The Gaseous Hormone -- 23. Abscisic Acid: A Seed Maturation and Stress Signal -- 24. Brassinosteroids -- 25. The Control of Flowering -- 26. Stress Physiology 
650 0 |a Plant physiology 
700 1 |a Zeiger, Eduardo ,   |e editor 
999 |a 1000116103   |b Book   |c Open Shelf (1 Day)   |e Tembila Campus